000 00273nam a2200097Ia 4500
001 1166192
005 20250827011755.0
008 250824s9999 xx 000 0 und d
245 0 _aDOĞAYA FISILDAYAN ÇOCUKLAR
_cLUIGI BALLERINI
260 _bGÜNIŞIĞI KİTAPLIĞI YAYINLARI
999 _c1166192
_d1166192